000 00812nam a2200217Ii 4500
003 JO-AjNU
008 230605s9999||||xx |||||||||||||| ||und||
017 _a2008/1/93
040 _aJO-AjNU
_bara
_erda
_cJO-AjNU
041 _aara
050 1 4 _aHF5686.A28 2009
100 3 _aتأليف: ابو نصار، محمد /م. مشارك: جمعة حميدات,
_eauthor
_929586
245 0 0 _aمعايير المحاسبة والابلاغ المالي الدولية : الجوانب النظرية والعملية
250 _aط2
264 3 1 _aعمان: دار وائل للنشر والتوزيع، 2009
300 _a842ص
336 _atext
_btxt
_2rdacontent
337 _aunmediated
_bn
_2rdamedia
338 _avolume
_bnc
_2rdacarrier
650 4 _aالمحاسبة الدولية -معايير
_929587
999 _aA11624
_c15192
_d15192